ବିରାଜ- ବୋହୂ / (Record no. 470692)
[ view plain ]
| 000 -LEADER | |
|---|---|
| fixed length control field | 01429nam a2200337 a 4500 |
| 001 - CONTROL NUMBER | |
| control field | vtls001163917 |
| 003 - CONTROL NUMBER IDENTIFIER | |
| control field | NLI |
| 005 - DATE AND TIME OF LATEST TRANSACTION | |
| control field | 20210603152643.0 |
| 008 - FIXED-LENGTH DATA ELEMENTS--GENERAL INFORMATION | |
| fixed length control field | 120327s{N.d} ii 000 1 ori |
| 020 ## - INTERNATIONAL STANDARD BOOK NUMBER | |
| Terms of availability | Rs. 1.50 |
| 039 #9 - LEVEL OF BIBLIOGRAPHIC CONTROL AND CODING DETAIL [OBSOLETE] | |
| -- | 201203271642 |
| -- | VLOAD |
| 040 ## - CATALOGING SOURCE | |
| Original cataloging agency | NLI |
| Language of cataloging | orieng |
| Transcribing agency | Datasoft_Oriya |
| Description conventions | AACR2 |
| 041 1# - LANGUAGE CODE | |
| Language code of text/sound track or separate title | ori |
| 044 ## - COUNTRY OF PUBLISHING/PRODUCING ENTITY CODE | |
| MARC country code | ii |
| 082 04 - DEWEY DECIMAL CLASSIFICATION NUMBER | |
| Classification number | 891.443 |
| 100 1# - MAIN ENTRY--PERSONAL NAME | |
| Linkage | 880-01 |
| Personal name | ଚଟ୍ଟୋପାଧ୍ୟାୟ, ଶରତ ଚନ୍ଦ୍ର |
| 9 (RLIN) | 491184 |
| 245 10 - TITLE STATEMENT | |
| Linkage | 880-02 |
| Title | ବିରାଜ- ବୋହୂ / |
| Statement of responsibility, etc. | ଶରତ ଚନ୍ଦ୍ର ଚଟ୍ଟୋପାଧ୍ୟାୟ ; ଅନୁବାଦକ ସୁରେନ୍ଦ୍ର ଚନ୍ଦ୍ର ମହାନ୍ତି |
| 260 ## - PUBLICATION, DISTRIBUTION, ETC. | |
| Place of publication, distribution, etc. | କଟକ : |
| Name of publisher, distributor, etc. | କୁମାର ବୁକ ଡିପୋ, |
| Date of publication, distribution, etc. | {N.d} |
| 300 ## - PHYSICAL DESCRIPTION | |
| Extent | 108 p. ; |
| Dimensions | 18 cm. |
| 650 #0 - SUBJECT ADDED ENTRY--TOPICAL TERM | |
| Topical term or geographic name entry element | Bengali fiction |
| General subdivision | Translations into Oriya |
| 9 (RLIN) | 491530 |
| 700 1# - ADDED ENTRY--PERSONAL NAME | |
| Linkage | 880-03 |
| Personal name | ମହାନ୍ତି, ସୁରେନ୍ଦ୍ର ଚନ୍ଦ୍ର, |
| Relationship | trl |
| 9 (RLIN) | 204284 |
| 880 10 - ALTERNATE GRAPHIC REPRESENTATION | |
| Linkage | 245-02(B |
| a | Birāja -bohu / |
| c | Śarata Candra Caṭṭopādhyāyai ; translated by ; S̱urendra Candra Mahānti |
| 880 1# - ALTERNATE GRAPHIC REPRESENTATION | |
| Linkage | 100-01(B |
| a | Caṭṭopādhyāya, Śarata Candra |
| 880 ## - ALTERNATE GRAPHIC REPRESENTATION | |
| Linkage | 700-03(B |
| a | Mahānti,Surendra Candra |
| 4 | trl |
| 887 ## - NON-MARC INFORMATION FIELD | |
| Content of non-MARC field | 23.01.2012 |
| 901 ## - LOCAL DATA ELEMENT A, LDA (RLIN) | |
| a | 315 |
| b | 05.05.1955 |
| 902 ## - LOCAL DATA ELEMENT B, LDB (RLIN) | |
| a | Or 891.443 C 489 b |
| 904 ## - LOCAL DATA ELEMENT D, LDD (RLIN) | |
| c | 23.01.2012 |
| l | Or 543 |
| z | tapaswini |
| 942 ## - ADDED ENTRY ELEMENTS (KOHA) | |
| Source of classification or shelving scheme | Dewey Decimal Classification |
| Koha item type | Books |
| 949 ## - LOCAL PROCESSING INFORMATION (OCLC) | |
| -- | VIRTUAITEM |
| -- | 10000 |
| -- | 100 |
| 6 | DBA000000315ORI |
| Withdrawn status | Lost status | Damaged status | Not for loan | Collection code | Home library | Current library | Shelving location | Date acquired | Total Checkouts | Full call number | Barcode | Date last seen | Price effective from | Koha item type |
|---|---|---|---|---|---|---|---|---|---|---|---|---|---|---|
| Odiya | National Library of India | National Library of India | Odiya - Book - Main Stack Division | Or 891.443 C 489 b | DBA000000315ORI | 03/06/2021 | 03/06/2021 | Books |
